| 000 | 00960nas a2200301 4500 | ||
|---|---|---|---|
| 001 | BR0601905 | ||
| 003 | BR-BrBNA | ||
| 005 | 20231205105959.0 | ||
| 007 | ta | ||
| 008 | 230509b bl.|||p| |||| 00| 00por d | ||
| 040 |
_aBR-BrBNA _bpor _cBiblioteca Nacional de Agricultura |
||
| 041 | _a(Pt) | ||
| 072 | _aF01; F02; F04 | ||
| 100 | 1 | _aSofiatti, V. | |
| 100 | 1 | _aSchuch, L.O.B. | |
| 100 | 1 | _aPinto, J.F. | |
| 100 | 1 | _aCargnin, A. | |
| 100 | 1 | _aLeitzke, L.N. | |
| 100 | 1 | _aHölbig, L. dos S. | |
| 245 | 1 | _aEfeitos de regulador de crescimento, controle de doenças e densidade de semeadura na qualidade industrial de grãos de arroz | |
| 650 | _aARROZ IRRIGADO | ||
| 650 | _aPRÁTICA CULTURAL | ||
| 650 | _aREGULADOR DE CRESCIMENTO | ||
| 650 | _aADUBAÇÃO DE COBERTURA | ||
| 773 | 0 |
_tCiência Rural (Brazil) _xISSN 0103-8478 _g(Mar-Apr 2006), v. 36(2) p. 418-423 _wBR0601905 |
|
| 909 |
_a202311 _bLúcia _c55 _dLúcia Elande |
||
| 942 |
_2AGRIS _n0 _cANA |
||
| 999 |
_c185667 _d185667 |
||